| 000 | 01060nam a2200253Ia 4500 | ||
|---|---|---|---|
| 008 | 130821s1977 mx a gr spa | ||
| 040 |
_aCo-BoUCM _bspa |
||
| 041 | 0 | 0 | _aspa |
| 245 | 0 | 0 |
_aCómo reformar la administración pública _ccompilador, Arne F. Leemans ; traducción, Luis García Cárdenas |
| 260 |
_aMéxico D.F. (México) _bFondo de Cultura Económica _c1977 |
||
| 300 |
_a389 páginas _bilustraciones, cuadros |
||
| 490 | 0 | _aSección de Obras de Economía | |
| 500 | _aDonación Dr. Guillermo Galán. | ||
| 500 | _aLibro disponible en 48 horas a partir de la solicitud | ||
| 504 | _aIncluye bibliografía e índice general. | ||
| 650 | 0 | 4 |
_aAdministración pública _9355 |
| 650 | 0 | 4 |
_aAdministración pública _vEstudio de casos _9355 |
| 650 | 0 | 4 |
_aReforma administrativa _vEstudio de casos _923276 |
| 700 | 1 |
_aGarcía Cárdenas, Luis _etrad. _9138832 |
|
| 700 | 1 |
_aLeemans, Arne F. _ecomp. _9138833 |
|
| 765 | _tThe management of change in government | ||
| 942 |
_cLIBRO _a16 _e1 _mC735 _n0 _2DEWEY _h350 |
||
| 999 |
_c65422 _d65422 |
||